000 00885nam a2200301 a 4500
001 12711
003 BD-JhCC
005 20230508195254.0
008 23 s20211998xna 000 1 eng d
020 _a9788127735147
035 _a(BD-JhCC)12711
040 _aANB:REV
_beng
_cANB:REV
_dXNLS
041 1 _aeng
_hpor
042 _aanuc
082 0 0 _a869.3
_221
_bCOE 2021
100 1 _aCoelho, Paulo.
240 1 0 _aQuinta montanha.
_lEnglish
245 1 4 _aThe fifth mountain /
_cPaulo Coelho ; translated by Clifford E. Landers.
246 3 _a5th mountain
260 _aPymble, N.S.W. :
_bHarperCollins,
_c2021
300 _aix, 245 p. ;
_c21 cm.
600 0 0 _aElijah
_c(Biblical prophet)
_xFiction.
630 0 0 _aBible.
_pOld Testament
_xFiction.
655 7 _aBible stories.
_2lcsh
655 7 _aReligious fiction .
_2lcsh
700 1 _aLanders, Clifford E.
942 _2ddc
_cBK
999 _c12711
_d12711